01505nam a22002297a 4500003000400000005001700004008002000021020003800041040000800079082002500087100002900112245004200141246003300183260005400216300004100270500085200311650002201163650002101185650001401206650002201220650003301242KPN20250623105522.0250526b 00| 0 my d a9789672038719cRM18.00qpaperback cKPN 223a808.882 SHA 2018 aShaza Baharuddineauthor a99 Stress Free WifecShaza Baharuddin aNinety nine stress free wife a Batu Caves, SelangorbMust Read Sdn. Bhd.,c2018 aix, 149 pagesbillustrations c19 cm aLelaki dari planet Marikh. Perempuan dari planet Venus. Begitulah diibaratkan perbezaan yang ketara antara lelaki dengan perempuan. Allah SWT menjadikan lelaki dan perempuan berbeza fizikalnya. Tentu juga wujud perbezaan ketara dari segi emosi,perasaan, dan tabiat antara kedua-dua insan ini. Bayangkan kedua-dua makhluk ciptaan Allah SWT ini diletakkan bersama-sama di bawah satu bumbung, maka ‘haru-biru’ jadinya! Buku ini merupakan coretan 99 kisah stress seorang isteri. Bohonglah jika sesebuah rumah tangga sentiasa dalam suasana ceria. Tentunya ada perasaan berkecil hati, kecewa, rajuk, dan tertekan dengan pasangan. Namun, percayalah. Melalui perasaan tertekan inilah para isteri belajar mengenali suami mereka sebenarnya. Alah, bukan stres sangat pun, stres ala-ala manja saja. “…ALLAH CREATED THEM TO PERFECT ONE ANOTHER.” 2Shaza Baharuddin, 2PuisivAnecdotes 2Anecdotes 2Wivesv Anecdotes 2Husband and wifev Anecdotes